Catalog

Record Details

Catalog Search



Nights in Rodanthe [CD/sound recording] / Nicholas ... Read More

Williams, JoBeth.(Added Author).

Available copies

  • 0 of 1 copy available at LARL/NWRL Consortium.
  • 0 of 1 copy available at Northwest Regional Library. (Show)

Current holds

0 current holds with 1 total copy.

Show Only Available Copies
Location Call Number / Copy Notes Barcode Shelving Location Status Due Date
Hallock Public Library BOOK-ON-CD SPA (Text) 35500004325039 Main Checked out 07/20/2026

Record details

  • ISBN: 9781600242915 :
  • ISBN: 160024291X :
  • Physical Description: 5 sound discs (ca. 5.5 hr.) : digital ; 4 3/4 in.
  • Publisher: New York, NY : Hachette Audio, p2008.

Content descriptions

General Note:
Title from container.
Unabridged.
Compact discs.
Duration: 5:30:00.
Creation/Production Credits Note:
Produced and directed by Linda Korn.
Participant or Performer Note:
Read by Jobeth Williams.
Summary, etc.:
At 45, Adrienne Willis must rethink her entire ... Read More
Subject: Rodanthe (N.C.) > Fiction.
North Carolina > Fiction.
Divorced people > Fiction.
Hotelkeepers > Fiction.
Storms > Fiction.
Genre: Romantic suspense fiction.
Audiobooks.
LDR 01883cim a2200445Ka 4500
00196396
003LARL_NWRL_CONSORTIUM
00520080922154451.0
007sd fungnnmmneu
008080710s2008 nyunnn f n eng d
020 . ‡a9781600242915 : ‡c$17.98
020 . ‡a160024291X : ‡c$17.98
0243 . ‡a9781600242915 ‡d51798
035 . ‡a(OCoLC)233651980
037 . ‡bMidwest Tape ‡nhttp://www.midwesttapes.com
040 . ‡aTEFMT ‡cTEFMT ‡dRCS ‡dNRG
043 . ‡an-us-nc
08204. ‡a813/.54 ‡222
1001 . ‡aSparks, Nicholas. ‡0(LARL_NWRL_CONSORTIUM)154366
24510. ‡aNights in Rodanthe ‡h[CD/sound recording] / ‡cNicholas Sparks.
260 . ‡aNew York, NY : ‡bHachette Audio, ‡cp2008.
300 . ‡a5 sound discs (ca. 5.5 hr.) : ‡bdigital ; ‡c4 3/4 in.
500 . ‡aTitle from container.
5110 . ‡aRead by Jobeth Williams.
508 . ‡aProduced and directed by Linda Korn.
500 . ‡aUnabridged.
500 . ‡aCompact discs.
500 . ‡aDuration: 5:30:00.
520 . ‡aAt 45, Adrienne Willis must rethink her entire life when her husband abandons her for a younger woman. Reeling with heartache and in search of a respite, she flees to the small coastal town of Rodanthe, North Carolina, to tend to a friend's inn for the weekend. But when a major storm starts moving in, it appears that Adrienne's idyllic getaway will be ruined - until a guest named Paul Flanner arrives.
651 0. ‡aRodanthe (N.C.) ‡vFiction.
651 0. ‡aNorth Carolina ‡vFiction. ‡0(LARL_NWRL_CONSORTIUM)166409
650 0. ‡aDivorced people ‡vFiction. ‡0(LARL_NWRL_CONSORTIUM)164628
650 0. ‡aHotelkeepers ‡vFiction. ‡0(LARL_NWRL_CONSORTIUM)165689
650 0. ‡aStorms ‡vFiction. ‡0(LARL_NWRL_CONSORTIUM)167347
655 7. ‡aRomantic suspense fiction. ‡2gsafd
655 0. ‡aAudiobooks. ‡0(LARL_NWRL_CONSORTIUM)175801
7001 . ‡aWilliams, JoBeth. ‡0(LARL_NWRL_CONSORTIUM)137678
901 . ‡a96396 ‡bOCLC ‡c96396 ‡tbiblio

Additional Resources